| Tag |
First Indicator |
Second Indicator |
Subfields |
| LEADER |
00000cam a2200000 a 4500 |
| 001 |
in00000031330 |
| 005 |
20151007060402.0 |
| 008 |
871216s1988 nyua b 00110 eng c |
| 010 |
|
|
|a 87037127
|
| 020 |
|
|
|a 0471848557
|
| 035 |
|
|
|a (OCoLC)17300410
|
| 035 |
|
|
|9 AAC0726AM
|
| 040 |
|
|
|a DNLM/DLC
|c DLC
|d TXA
|d UtOrBLW
|
| 049 |
|
|
|a TXAM
|c [A11680608]
|
| 050 |
0 |
0 |
|a RC569.U53
|b M36 1988
|
| 060 |
|
0 |
|a BF 698.9.A3 M271
|
| 082 |
0 |
|
|a 616.85/8
|2 19
|
| 100 |
1 |
|
|a Mandel, Harvey P.
|
| 245 |
1 |
4 |
|a The psychology of underachievement :
|b differential diagnosis and differential treatment /
|c Harvey P. Mandel, Sander I. Marcus.
|
| 264 |
|
1 |
|a New York :
|b Wiley,
|c [1988]
|
| 264 |
|
4 |
|c ©1988
|
| 300 |
|
|
|a xiv, 397 pages :
|b illustrations ;
|c 24 cm.
|
| 336 |
|
|
|a text
|b txt
|2 rdacontent
|
| 337 |
|
|
|a unmediated
|b n
|2 rdamedia
|
| 338 |
|
|
|a volume
|b nc
|2 rdacarrier
|
| 490 |
1 |
|
|a Wiley series on personality processes
|
| 500 |
|
|
|a "A Wiley-interscience publication."
|
| 504 |
|
|
|a Bibliography: pages 322-384.
|
| 500 |
|
|
|a Includes indexes.
|
| 650 |
|
0 |
|a Underachievement.
|
| 650 |
|
0 |
|a Underachievers
|x Mental health.
|
| 650 |
|
0 |
|a Psychotherapy.
|
| 700 |
1 |
|
|a Marcus, Sander I.
|
| 830 |
|
0 |
|a Wiley series on personality processes.
|
| 999 |
|
|
|a MARS
|
| 999 |
f |
f |
|s 8e470fb4-4ef7-3a26-ab94-8fc59ce43ab1
|i ddf905c8-3615-398a-94d9-eac5a0796257
|t 0
|
| 952 |
f |
f |
|p ric
|a Texas A&M University
|b Rellis Campus
|c Joint Library Facility
|d Remote Storage
|t 0
|e RC569.U53 M36 1988
|h Library of Congress classification
|i unmediated -- volume
|m A14811680608
|
| 998 |
f |
f |
|a RC569.U53 M36 1988
|t 0
|l Remote Storage
|